Das Hebammenwesen in Schlesien in der Zeit nach seiner Okkupation durch Preußen
| Titel: | Das Hebammenwesen in Schlesien in der Zeit nach seiner Okkupation durch Preußen / Dietrich Allnoch |
|---|---|
| Verfasser: | |
| In: |
Schlesische Geschichtsblätter, Band 45, Heft 2 (2018), Seite 66-70 alle Artikel anzeigen |
| Veröffentlicht: | 2018 |
| Format: | Aufsatz |
| Sprache: | Deutsch |
X
alg: 49209017 001A $03025:20-03-22 001B $01999:20-03-22 $t22:08:10.000 001D $03025:20-03-22 001U $0utf8 001X $00 002@ $0Aou 002C $aText $btxt $2rdacontent 002D $aohne Hilfsmittel zu benutzen $bn $2rdamedia 002E $aBand $bnc $2rdacarrier 003@ $0492090173 007A $0492090173 $aHEB 010@ $ager 010E $erda 011@ $a2018 021A $aDas @Hebammenwesen in Schlesien in der Zeit nach seiner Okkupation durch Preußen $hDietrich Allnoch 028A $BVerfasser $4aut $8Allnoch, Dietrich [Tp3] $9453772536 031A $d45 $e2 $h66-70 $j2018 039B $aEnthalten in $8--Abvc--. Schlesische Geschichtsblätter. - Karlstadt : Verein für Geschichte Schlesiens, 1908-. - ISSN 2190-4871 $x201800000450002934 $9047349034 044K $RPolen $RNiederschlesien $ROberschlesien $RNiederschlesien $ROberschlesien $#Schlesien $#Schlesien $#Herzogtum Schlesien $#Herzogtum Schlesien Schlesien $#Provinz Schlesien $#Śla̜sk $#Slezsko $#Silesia $74052678-1 $8Schlesien [Tg1] $9085146781 044K $RMedizinisches Personal $REntbindungspfleger $#Midwives $#Sages-femmes $#Ostetriche $#Matronas $#Nurse Midwives $#Hebamme $#Geburtshelferin $74023909-3 $8Hebamme [Ts1] $9085059285 044K $#Delegated legislation $#Règlements (droit administratif) $#regulations $#Verordnungen $74134694-4 $8Verordnung [Ts1] $9085493945 044K $RPolitik $#Medical policy $#Politique sanitaire $#Política sanitaria $#health policies $#Health Policy $#Gesundheitspolitik $#Gesundheitspolitik $#Gesundheit Politik $74113743-7 $8Gesundheitspolitik [Ts1] $9085337471 045F $a610.9438509033 $eDDC23BSB 045F/01 $a610.9 045F/03 $f09033 045F/03 $g4385 045R $aGeschichte 1742-1791 045T $a7,41 $a8,1 $a9,10 lok: 49209017 78 exp: 49209017 78 1 #EPN 201B/01 $024-07-23 $t12:51:10.000 201C/01 $020-03-22 201U/01 $0utf8 203@/01 $01186835575 208@/01 $a20-03-22 $be 209A/01 $a/ $f000 $x00 209A/01 $ab*p $x01 209S/01 $uhttps://www.vfgs.eu/index.php?cat=Publikationen%20ab%201971&file=Das_Hebammenwesen_in_Schlesien_in_der_Zeit_nach_seiner_Okkupation_durch_Preussen.pdf $XH 220C/01 $apgar 244Z/01 $#Generalgouvernement Polen $#Polska $#Rzeczpospolita Polska $#Polska Rzeczpospolita Ludowa $#Poland $#Pologne $#République Polonaise $#Generalne Gubernatorstwo w Polsce $#Polish People's Republic $#Polska Rzeczpospolita Polen $#PRL $#RP $#Polen Generalgouvernement $#Polska Generalgouvernement $#Besetzte Polnische Gebiete $#Besetztes Gebiet in Polen $#Okupowane Polskie Obszary $#Obszary Okupowane w Polsce $#Volksrepublik Polen $#Polska Rosyjska $#Republic Polen $#Respublika Pol'ša $#Pol'skaja Narodnaja Respublika $#République de Pologne $#Polen Links der Weichsel $#Polska po Lewej Stronie Wisły $#Lenkija $#Polija $#Gubernija Carstva Pol'skago $#Republik Polen $74046496-9 $8--Tg1--Polen $x01 $9085129801 244Z/01 $#Schlesien $#Schlesien $#Herzogtum Schlesien $#Herzogtum Schlesien Schlesien $#Provinz Schlesien $#Śla̜sk $#Slezsko $#Silesia $74052678-1 $8--Tg1--Schlesien $x02 $9085146781 244Z/01 $#Electronic publications $#Publications électroniques $#Elektronische Publikation $#Computerdatei Formschlagwort $#Datei Formschlagwort $#Elektronisches Dokument $#Magnetband Formschlagwort $#Magnetbandkassette Formschlagwort $#Elektronische Ressource $#Digitale Publikation $74514269-5 $8--Ts1--Elektronische Publikation $x21 $9089274407 247C/01 $82080>Marburg/Lahn, Herder-Institut, Forschungsbibliothek, Bibliographieportal $9336309341
| LEADER | 00000caa a2200000 c 4500 | ||
|---|---|---|---|
| 001 | 492090173 | ||
| 003 | DE-603 | ||
| 005 | 20220320220810.0 | ||
| 007 | tu | ||
| 008 | 220320s2018 xx |||| | u00||u|ger c | ||
| 035 | |a (DE-599)HEB492090173 | ||
| 040 | |a DE-603 |b ger |c DE-603 |d DE-603 |e rda | ||
| 041 | |a ger | ||
| 082 | 0 | 4 | |8 1\u |a 610.9438509033 |q DE-101 |2 23/BSB |
| 084 | |a 7,41 |a 8,1 |a 9,10 |2 ssgn | ||
| 085 | |8 1\u |b 610.9 | ||
| 085 | |8 1\u |z 1 |s 09033 | ||
| 085 | |8 1\u |z 2 |s 4385 | ||
| 100 | 1 | |a Allnoch, Dietrich |e Verfasser |4 aut |0 (DE-603)453772536 |0 (DE-588)1196123314 |2 gnd | |
| 245 | 0 | 0 | |a Das Hebammenwesen in Schlesien in der Zeit nach seiner Okkupation durch Preußen |c Dietrich Allnoch |
| 264 | 0 | |c 2018 | |
| 336 | |a Text |b txt |2 rdacontent | ||
| 337 | |a ohne Hilfsmittel zu benutzen |b n |2 rdamedia | ||
| 338 | |a Band |b nc |2 rdacarrier | ||
| 648 | 7 | |a Geschichte 1742-1791 |2 gnd | |
| 650 | 7 | |a Hebamme |0 (DE-588)4023909-3 |0 (DE-603)085059285 |2 gnd | |
| 650 | 7 | |a Verordnung |0 (DE-588)4134694-4 |0 (DE-603)085493945 |2 gnd | |
| 650 | 7 | |a Gesundheitspolitik |0 (DE-588)4113743-7 |0 (DE-603)085337471 |2 gnd | |
| 651 | 7 | |a Schlesien |0 (DE-588)4052678-1 |0 (DE-603)085146781 |2 gnd | |
| 773 | 0 | 8 | |i Enthalten in |t Schlesische Geschichtsblätter |d Karlstadt : Verein für Geschichte Schlesiens, 1908- |h 24 cm |x 2190-4871 |g Band 45, Heft 2 (2018), Seite 66-70 |w (DE-603)047349034 |w (DE-600)216898-4 |
| 924 | 0 | |9 2080 |a (DE-603)1186835575 |b DE-2080 |c HES |d d |g / |k https://www.vfgs.eu/index.php?cat=Publikationen%20ab%201971&file=Das_Hebammenwesen_in_Schlesien_in_der_Zeit_nach_seiner_Okkupation_durch_Preussen.pdf | |


